000 00497nam a22001577a 4500
999 _c130360
_d130360
008 200212b ||||| |||| 00| 0 eng d
020 _a9780415487597
050 _aBR65.A94
_bK61
100 _aKirwan, Christopher
_949525
245 _aAugustine
_bthe arguments of the philosophers
_cChristopher Kirwan
260 _aLondon
_bRoutledge
_c1991
300 _aviii, 247p. ;
_c24cm.
440 _aThe arguments of the philosophers
_949216
600 _aAugustine, St.
_913740
942 _2lcc
_cMONOGRAPH